000 00718nam a2200289Ia 4500
005 20260324121504.0
008 008 260324s9999 xx 000 0 eng d
020 _a9781315813837
037 _aEBOOK
040 _aCRL
040 _beng
040 _cCRL
041 _2eng
041 _aeng
084 _qCRL
100 _aA.J. Juliani
_91162713
245 0 _aInquiry and Innovation in the Classroom
245 0 _bUsing 20% Time, Genius Hour, and PBL to Drive Student Success
260 _bTaylor and Francis
260 _c2014
365 _a
365 _b180
856 _uhttp://www.taylorfrancis.com/books/9781315813837
942 _cEBOOK
999 _c1754840
_d1754840